01270cam a2200325 a 4500999001900000001000800019003000500027005001700032008004100049010001700090020003300107038001100140040001800151050002400169082001600193100003700209245004300246260003600289300002100325500016500346500003300511500005500544600005800599650004300657650003500700655003400735906004500769942001200814952011800826 c173062d1730621529161Nust20180712081814.0900129s1988 enk 000 1 eng  a 90110584  a9780586071113 (pbk)cRs. 452 aArshad aDLCcDLCdDLC00aPS3551.S5bP7 1988c00a813.54bASI1 aAsimov, Isaac,d1920-1992.9818210aPrelude to Foundation /cIsaac Asimov. aLondon :bGrafton Books,c1988. a461 p. ;c24 cm. aThis, the latest of 14 Foundation books, is reckoned by Asimov to be the 9th in terms of the chronology of the events covered. Cf. "Author's note" (p. 9-[10]). aLC copy in dust jacket.5DLC aSource: Purchase, June 10, 1989 (DLC #95125).5DLC10aSeldon, Haric(Fictitious character)vFiction.911610 0aLife on other planetsvFiction.911611 0aPsychohistoryvFiction.911612 7aScience fiction.2gsafd91086 a7bcbccorignewd3encipf19gy-gencatlg 2ddccBK 00102ddc40708FICaCLbCLcFICd2017-01-18l3m2o813.54 ASIpCL552r2022-09-10s2022-09-10t1w2017-01-18yBK